[Event "6. Open Internacional de Galapagar"]
[Site "Galapagar ESP"]
[Date "2005.07.24"]
[Round "2.23"]
[White "Martinez Alvarez, Carlos"]
[Black "Cabañas Bravo, Juan Andres"]
[Result "0-1"]
[WhiteElo "1960"]
[BlackElo "2140"]
[PlyCount "28"]
[EventDate "2005.07.23"]
[EventType "swiss"]
[EventRounds "9"]
[EventCountry "ESP"]
[Source "lmi"]
[SourceDate "2005.07.30"]

1. e4 e5 2. Nf3 Nc6 3. Bc4 Bc5 4. d3 Nf6 5. O-O d6 6. c3 Bg4 7. Nbd2 O-O 8. b4
Bb6 9. a4 a6 10. b5 Ne7 11. Re1 Ng6 12. Nf1 Qd7 13. Ne3 Nf4 14. Nxe5 dxe5 0-1

[Event "6. Open Internacional de Galapagar"]
[Site "Galapagar ESP"]
[Date "2005.07.24"]
[Round "2.23"]
[White "Redondo Garcia , Jose Luis"]
[Black "Milla de Marco, Carlos"]
[Result "1-0"]
[WhiteElo "1970"]
[BlackElo "2158"]
[PlyCount "80"]
[EventDate "2005.07.23"]
[EventType "swiss"]
[EventRounds "9"]
[EventCountry "ESP"]
[Source "lmi"]
[SourceDate "2005.07.30"]

1. c4 e5 2. e3 d6 3. g3 f5 4. Ne2 Nf6 5. Bg2 Be7 6. Nbc3 c6 7. a3 Be6 8. d3 O-O
9. f4 Nbd7 10. b4 a6 11. O-O Rc8 12. a4 Qc7 13. Rb1 h6 14. b5 axb5 15. axb5 e4
16. Nd4 Bf7 17. Nxf5 Nc5 18. d4 Nd3 19. Nxe4 Bxc4 20. b6 Qd7 21. Nxe7+ Qxe7 22.
Nxf6+ Rxf6 23. Qc2 d5 24. Rd1 Nxc1 25. Qxc1 Ba6 26. Re1 Re8 27. Qd2 Re6 28. Rb3
Qf6 29. Bf1 Bxf1 30. Rxf1 Qf5 31. Re1 h5 32. Re2 Qg4 33. Rf2 Ra8 34. Rb1 Ra3
35. Re1 Re8 36. Qe2 Raxe3 37. Qxe3 Rxe3 38. Rxe3 Qd1+ 39. Kg2 Qxd4 40. Re5 Qxb6
1-0

[Event "6. Open Internacional de Galapagar"]
[Site "Galapagar ESP"]
[Date "2005.07.24"]
[Round "2.25"]
[White "Ruano Marco, Javier"]
[Black "Moreno Sanchez, Alberto"]
[Result "1-0"]
[WhiteElo "2138"]
[BlackElo "1953"]
[PlyCount "57"]
[EventDate "2005.07.23"]
[EventType "swiss"]
[EventRounds "9"]
[EventCountry "ESP"]
[Source "lmi"]
[SourceDate "2005.07.30"]

1. e4 c5 2. d3 Nc6 3. g3 g6 4. Bg2 Bg7 5. c3 Nf6 6. f4 d6 7. Nf3 b5 8. O-O O-O
9. h3 a5 10. Nbd2 Rb8 11. Re1 b4 12. c4 Ne8 13. Nf1 Nc7 14. g4 Ne6 15. Ng3 Ned4
16. Rb1 b3 17. a3 Nc2 18. Rf1 N6d4 19. Kh1 e6 20. f5 gxf5 21. gxf5 Nxf3 22.
Qxf3 Qh4 23. f6 Bh6 24. Bxh6 Qxh6 25. Qh5 Qg6 26. Qh4 Bb7 27. Bf3 h6 28. Rg1
Kh8 29. Nh5 1-0

[Event "6. Open Internacional de Galapagar"]
[Site "Galapagar ESP"]
[Date "2005.07.24"]
[Round "2.26"]
[White "Cuadrado Pastor, Antonio"]
[Black "Gomez Gonzalez, Javier"]
[Result "0-1"]
[WhiteElo "1956"]
[BlackElo "2137"]
[PlyCount "105"]
[EventDate "2005.07.23"]
[EventType "swiss"]
[EventRounds "9"]
[EventCountry "ESP"]
[Source "lmi"]
[SourceDate "2005.07.30"]

1. e4 c5 2. d4 cxd4 3. c3 d3 4. Bxd3 Nc6 5. Nf3 d6 6. Nd4 Bd7 7. O-O Nf6 8. Qe2
e6 9. Na3 Be7 10. Nc4 Ne5 11. Bc2 Rc8 12. Nxe5 dxe5 13. Nf3 Qc7 14. a4 O-O 15.
Ng5 Rfd8 16. f4 h6 17. Nh3 Be8 18. Kh1 Qc4 19. Qxc4 Rxc4 20. fxe5 Ng4 21. Bf4
g5 22. Bc1 Nxe5 23. Be3 a6 24. Nf2 Rc6 25. a5 Nc4 26. Bc1 Rcc8 27. h4 Kg7 28.
hxg5 hxg5 29. Ng4 Bb5 30. Rf3 Rh8+ 31. Rh3 Bc6 32. b3 Rxh3+ 33. gxh3 Nd6 34.
Ba3 f5 35. Nf2 Kf7 36. Kh2 Nxe4 37. Bxe7 Kxe7 38. Nxe4 Bxe4 39. Bxe4 fxe4 40.
c4 Kd6 41. Rd1+ Ke5 42. Kg3 Rf8 43. Kg4 e3 44. b4 Ke4 45. b5 axb5 46. cxb5 e2
47. Re1 Ke3 48. a6 bxa6 49. bxa6 Kd2 50. Rxe2+ Kxe2 51. Kxg5 e5 52. h4 e4 53.
h5 0-1

[Event "6. Open Internacional de Galapagar"]
[Site "Galapagar ESP"]
[Date "2005.07.25"]
[Round "3.1"]
[White "Alonso Fernandez, Marcos"]
[Black "Moreno Ruiz, Javier"]
[Result "0-1"]
[WhiteElo "2214"]
[BlackElo "2503"]
[PlyCount "34"]
[EventDate "2005.07.23"]
[EventType "swiss"]
[EventRounds "9"]
[EventCountry "ESP"]
[Source "lmi"]
[SourceDate "2005.07.30"]

1. Nf3 Nf6 2. d4 g6 3. Bf4 Bg7 4. e3 O-O 5. Be2 c5 6. O-O b6 7. c4 cxd4 8. exd4
d5 9. Nc3 Bb7 10. Ne5 dxc4 11. Bxc4 Nc6 12. Qb3 Nxd4 13. Bxf7+ Kh8 14. Qd1 Nh5
15. Qg4 Nxf4 16. Qxf4 Qd6 17. Rae1 Bxe5 0-1

[Event "6. Open Internacional de Galapagar"]
[Site "Galapagar ESP"]
[Date "2005.07.25"]
[Round "3.2"]
[White "Gonzalez, Yuri"]
[Black "Sanz Arilla, Luis"]
[Result "1-0"]
[WhiteElo "2495"]
[BlackElo "2253"]
[PlyCount "71"]
[EventDate "2005.07.23"]
[EventType "swiss"]
[EventRounds "9"]
[EventCountry "ESP"]
[Source "lmi"]
[SourceDate "2005.07.30"]

1. e4 c5 2. Nf3 d6 3. d4 cxd4 4. Nxd4 Nf6 5. Nc3 a6 6. Be3 e5 7. Nb3 Be6 8. Be2
Nbd7 9. O-O b5 10. f4 Qc7 11. a3 Be7 12. g4 h6 13. g5 Ng8 14. Nd5 Qd8 15. g6
Ngf6 16. Nxe7 Qxe7 17. Na5 Rc8 18. f5 Bc4 19. Nxc4 bxc4 20. gxf7+ Kxf7 21. b3
cxb3 22. cxb3 Rhd8 23. Bxa6 Ra8 24. Bc4+ Kf8 25. Kh1 Nxe4 26. f6 Nexf6 27. Qg4
g5 28. h4 Kg7 29. Qf5 Rh8 30. Rg1 Kf8 31. Raf1 Ke8 32. Bb5 Nd5 33. Qg6+ Kd8 34.
Rf7 Nf8 35. Qg7 Qe6 36. Rxf8+ 1-0

[Event "6. Open Internacional de Galapagar"]
[Site "Galapagar ESP"]
[Date "2005.07.25"]
[Round "3.3"]
[White "Petkov, Vladimir"]
[Black "Sanchez Camacho, Antonio"]
[Result "1-0"]
[WhiteElo "2475"]
[BlackElo "2161"]
[PlyCount "114"]
[EventDate "2005.07.23"]
[EventType "swiss"]
[EventRounds "9"]
[EventCountry "ESP"]
[Source "lmi"]
[SourceDate "2005.07.30"]

1. c4 Nf6 2. Nc3 e6 3. Nf3 d5 4. d4 dxc4 5. e3 a6 6. a4 c5 7. Bxc4 Nc6 8. O-O
Qc7 9. d5 exd5 10. Nxd5 Nxd5 11. Qxd5 Qe7 12. Ng5 Ne5 13. f4 Nxc4 14. Qxc4 f6
15. Nf3 Be6 16. Qe2 Qf7 17. Re1 Be7 18. e4 O-O 19. Be3 Rfd8 20. Qf2 Rac8 21.
Rac1 Qf8 22. Qc2 b5 23. axb5 axb5 24. Qf2 Bc4 25. Nh4 Rd3 26. Red1 Qd8 27. Rxd3
Qxd3 28. Nf5 Bf8 29. Ng3 b4 30. h4 Ba6 31. h5 c4 32. h6 g6 33. f5 c3 34. bxc3
bxc3 35. fxg6 hxg6 36. Re1 Rc6 37. e5 f5 38. Qa2+ Qc4 39. Qf2 Qg4 40. Ne2 Kh7
41. Nd4 Rc4 42. Qa2 Bxh6 43. Bxh6 Kxh6 44. Nxf5+ Qxf5 45. Qxa6 Re4 46. Rf1 Qxe5
47. Qb6 c2 48. Qf2 Qd4 49. g3 Qxf2+ 50. Kxf2 Rc4 51. Rc1 Kg5 52. Ke2 Kg4 53.
Kd3 Rc6 54. Rxc2 Rxc2 55. Kxc2 Kxg3 56. Kd2 Kf2 57. Kd3 g5 1-0

[Event "6. Open Internacional de Galapagar"]
[Site "Galapagar ESP"]
[Date "2005.07.25"]
[Round "3.4"]
[White "Almeida Quintana, Omar"]
[Black "Rabadan Velasco, Raul"]
[Result "1-0"]
[WhiteElo "2462"]
[BlackElo "2236"]
[PlyCount "83"]
[EventDate "2005.07.23"]
[EventType "swiss"]
[EventRounds "9"]
[EventCountry "ESP"]
[Source "lmi"]
[SourceDate "2005.07.30"]

1. d4 f5 2. Nc3 Nf6 3. Bg5 d5 4. Bxf6 exf6 5. e3 Be6 6. Bd3 Nc6 7. a3 Qd7 8.
Qf3 O-O-O 9. Nge2 g6 10. h4 h5 11. b4 Kb8 12. Nb1 Ne7 13. Nd2 Nc8 14. c4 dxc4
15. Bxc4 Nd6 16. Bxe6 Qxe6 17. Nf4 Qf7 18. Qd5 Qxd5 19. Nxd5 Ne4 20. Nf4 Bd6
21. g3 Bxf4 22. gxf4 Nxd2 23. Kxd2 Rhg8 24. Rhg1 Kc8 25. Rg2 Rg7 26. Rag1 Rdg8
27. Kd3 Kd7 28. f3 Ke6 29. e4 c6 30. b5 cxb5 31. d5+ Kf7 32. Rc2 Rd8 33. Kd4
fxe4 34. fxe4 Kg8 35. e5 Kh7 36. d6 fxe5+ 37. fxe5 Rf8 38. Re1 Rd8 39. Kd5 g5
40. e6 Rg6 41. d7 gxh4 42. Rc8 1-0

[Event "6. Open Internacional de Galapagar"]
[Site "Galapagar ESP"]
[Date "2005.07.25"]
[Round "3.5"]
[White "Estrada Martinez, Cesar"]
[Black "Escobar Forero, Alder"]
[Result "0-1"]
[WhiteElo "2159"]
[BlackElo "2416"]
[PlyCount "74"]
[EventDate "2005.07.23"]
[EventType "swiss"]
[EventRounds "9"]
[EventCountry "ESP"]
[Source "lmi"]
[SourceDate "2005.07.30"]

1. c4 Nf6 2. g3 g6 3. Bg2 Bg7 4. Nc3 O-O 5. d4 d6 6. e4 c5 7. Nge2 Nc6 8. d5
Na5 9. b3 a6 10. Rb1 Rb8 11. a4 Ne8 12. Bd2 Bd7 13. O-O Nc7 14. Qe1 b6 15. Nf4
e6 16. dxe6 fxe6 17. Nd3 Nc6 18. Bf4 e5 19. Be3 b5 20. Qd2 Nd4 21. f4 Nce6 22.
axb5 axb5 23. fxe5 Rxf1+ 24. Rxf1 Nxb3 25. Qf2 bxc4 26. Qf7+ Kh8 27. Nf2 dxe5
28. Ng4 Qe8 29. Nd5 Nbd4 30. Bh6 Ne2+ 31. Kh1 Qxf7 32. Rxf7 Bxh6 33. Nxh6 c3
34. Nf6 Rb1+ 35. Bf1 Rxf1+ 36. Kg2 Rxf6 37. Rxf6 c2 0-1

[Event "6. Open Internacional de Galapagar"]
[Site "Galapagar ESP"]
[Date "2005.07.25"]
[Round "3.6"]
[White "Roa Alonso, Santiago"]
[Black "Fernandez de Pablo, Miguel Angel"]
[Result "1/2-1/2"]
[WhiteElo "2383"]
[BlackElo "2222"]
[PlyCount "99"]
[EventDate "2005.07.23"]
[EventType "swiss"]
[EventRounds "9"]
[EventCountry "ESP"]
[Source "lmi"]
[SourceDate "2005.07.30"]

1. Nf3 Nf6 2. d4 g6 3. c4 Bg7 4. g3 O-O 5. Bg2 d6 6. O-O c6 7. Nc3 Qa5 8. h3
Be6 9. d5 cxd5 10. Nd4 dxc4 11. Nxe6 fxe6 12. Bxb7 Nbd7 13. Bxa8 Rxa8 14. Qa4
Qxa4 15. Nxa4 Ne4 16. Be3 Nb6 17. Bxb6 axb6 18. Nxb6 Ra6 19. Nxc4 d5 20. Rfc1
dxc4 21. Rxc4 Bxb2 22. Rb1 Nd6 23. Rc2 Ba3 24. Rb3 Ne4 25. Rc4 Nf6 26. e4 Bd6
27. a4 Nd7 28. Rb5 Ne5 29. Rc8+ Kg7 30. f4 Nf3+ 31. Kg2 Nd4 32. e5 Nxb5 33.
axb5 Rb6 34. exd6 exd6 35. Rc7+ Kf6 36. Rxh7 Rxb5 37. Rd7 Rb2+ 38. Kf3 Rb3+ 39.
Kf2 d5 40. h4 Kf5 41. Rd6 Rd3 42. g4+ Kxg4 43. Rxe6 Kf5 44. Re5+ Kxf4 45. Rg5
d4 46. Rxg6 Rd2+ 47. Ke1 Rh2 48. Re6 Rxh4 49. Ke2 Rh3 50. Re8 1/2-1/2

[Event "6. Open Internacional de Galapagar"]
[Site "Galapagar ESP"]
[Date "2005.07.25"]
[Round "3.7"]
[White "Cabañas Bravo, Juan Andres"]
[Black "Cruz, Filemon"]
[Result "0-1"]
[WhiteElo "2140"]
[BlackElo "2370"]
[PlyCount "98"]
[EventDate "2005.07.23"]
[EventType "swiss"]
[EventRounds "9"]
[EventCountry "ESP"]
[Source "lmi"]
[SourceDate "2005.07.30"]

1. e4 c5 2. Nf3 e6 3. d4 cxd4 4. Nxd4 a6 5. Bd3 g6 6. Nc3 Bg7 7. Be3 Nc6 8.
Nxc6 bxc6 9. Qe2 Rb8 10. Nd1 Ne7 11. O-O Qa5 12. Bf4 e5 13. Bg5 d6 14. Ne3 Qc7
15. Bxa6 Rxb2 16. Rfd1 Rb4 17. Bc4 f6 18. Bh4 d5 19. exd5 cxd5 20. Bb5+ Bd7 21.
Bxd7+ Qxd7 22. Bg3 O-O 23. c3 Ra4 24. Rab1 Rfa8 25. Rb2 Bh6 26. Qf3 Bxe3 27.
fxe3 Qf5 28. Qxf5 gxf5 29. Rb7 R8a7 30. Rb6 Kg7 31. Be1 Rxa2 32. Bh4 R7a6 33.
Rdb1 Rxb6 34. Rxb6 Ng8 35. Rd6 Rc2 36. Rxd5 Rxc3 37. Kf2 Rc4 38. g3 Rc2+ 39.
Kg1 Rc6 40. h3 Ne7 41. Ra5 h5 42. e4 fxe4 43. Ra4 e3 44. g4 hxg4 45. hxg4 Ng6
46. Bg3 Nf4 47. Bxf4 exf4 48. Rxf4 Rc1+ 49. Kg2 e2 0-1

[Event "6. Open Internacional de Galapagar"]
[Site "Galapagar ESP"]
[Date "2005.07.25"]
[Round "3.8"]
[White "Serrano Salvador, Eduardo"]
[Black "Pastor Alonso de Prado, Alberto"]
[Result "1-0"]
[WhiteElo "2344"]
[BlackElo "2206"]
[PlyCount "125"]
[EventDate "2005.07.23"]
[EventType "swiss"]
[EventRounds "9"]
[EventCountry "ESP"]
[Source "lmi"]
[SourceDate "2005.07.30"]

1. d4 d5 2. c4 e6 3. Nf3 Nf6 4. Nc3 Be7 5. e3 O-O 6. Bd3 dxc4 7. Bxc4 a6 8. O-O
b5 9. Bd3 Bb7 10. a3 c5 11. dxc5 Bxc5 12. b4 Be7 13. Bb2 Qb6 14. Qe2 Nbd7 15.
e4 Rfd8 16. Rfd1 Nf8 17. Bc1 Qc7 18. Bd2 Ng6 19. g3 Rac8 20. Rac1 Qb8 21. Ne1
e5 22. Bb1 Qa8 23. f3 h6 24. Ba2 Nf8 25. Nd3 Qb8 26. Be3 Rc6 27. Bc5 Bxc5+ 28.
Nxc5 Rcd6 29. Rxd6 Rxd6 30. Rd1 N8d7 31. Nxd7 Nxd7 32. Nd5 Kf8 33. Qc2 Bxd5 34.
Bxd5 Ke7 35. Kg2 Nb6 36. Qc5 Na4 37. Qc2 Nb6 38. Qc5 Nd7 39. Qc3 f6 40. Rd3 Nb6
41. Qc5 Nd7 42. Qc1 Nb6 43. Qd2 Qd8 44. Qe3 Qd7 45. Qc5 Na4 46. Qc2 Qd8 47. Rd1
Nb6 48. Qc5 Nd7 49. Qa7 Qb6 50. Qa8 Qb8 51. Qxb8 Nxb8 52. Rc1 Kd7 53. Kh3 f5
54. Rc3 g5 55. Rc5 fxe4 56. Bxe4 Ke6 57. Kg4 Nd7 58. Bf5+ Ke7 59. Rc7 Rd2 60.
Rxd7+ Rxd7 61. Bxd7 Kxd7 62. Kh5 Ke6 63. g4 1-0

[Event "6. Open Internacional de Galapagar"]
[Site "Galapagar ESP"]
[Date "2005.07.25"]
[Round "3.9"]
[White "Gomez Gonzalez, Javier"]
[Black "Bermejo Collado, Julian"]
[Result "1/2-1/2"]
[WhiteElo "2138"]
[BlackElo "2318"]
[PlyCount "168"]
[EventDate "2005.07.23"]
[EventType "swiss"]
[EventRounds "9"]
[EventCountry "ESP"]
[Source "lmi"]
[SourceDate "2005.07.30"]

1. e4 d6 2. d4 g6 3. Nf3 Bg7 4. Bc4 a6 5. O-O e6 6. a4 b6 7. Re1 Ne7 8. Bg5 h6
9. Bh4 Nd7 10. Nbd2 g5 11. Bg3 Ng6 12. h3 Bb7 13. Nf1 O-O 14. c3 Nf6 15. Bd3
Nh5 16. Bh2 Nhf4 17. Ne3 Qd7 18. Bc2 Kh8 19. Qb1 c5 20. Qd1 Qc7 21. d5 Rae8 22.
Qd2 Bc8 23. Rad1 e5 24. Kh1 Qd8 25. Nf5 h5 26. Ng1 g4 27. Qe3 Bf6 28. g3 Bg5
29. h4 Bf6 30. Qd2 Rg8 31. gxf4 Bxh4 32. Nxh4 Qxh4 33. fxe5 Kh7 34. exd6 Ne5
35. Qf4 Rg6 36. Re3 Qd8 37. Qg3 h4 38. Qg2 Qxd6 39. Ne2 g3 40. fxg3 h3 41. Qf1
Bg4 42. Re1 Kg7 43. Nf4 Rh6 44. b3 c4 45. b4 b5 46. a5 Reh8 47. Bd1 Bc8 48. Qf2
Rf6 49. Rf1 Kg8 50. Qe1 Qd8 51. Ne2 Nd3 52. Rxd3 cxd3 53. Nd4 Rhh6 54. Rxf6
Rxf6 55. Bg1 Rg6 56. Be3 Qc7 57. Bf4 Qc4 58. Kh2 Qa2+ 59. Qd2 Qb1 60. Nc6 Bg4
61. Ne7+ Kh7 62. Nxg6 Bxd1 63. Ne5 Be2 64. Nxf7 Qf1 65. Ng5+ Kg6 66. Nxh3 Bf3
67. g4 Bxe4 68. d6 Bc6 69. Qf2 Qd1 70. Be5 Bf3 71. Bf4 Bxg4 72. Be5 Bxh3 73.
Kxh3 Qh5+ 74. Kg2 Qxe5 75. d7 Qd5+ 76. Qf3 Qxd7 77. Kf2 d2 78. Qd1 Qd3 79. Qg4+
Kf6 80. Qf4+ Ke6 81. Qg4+ Kd6 82. Qf4+ Kd5 83. Qf7+ Ke5 84. Qe7+ Kd5 1/2-1/2

[Event "6. Open Internacional de Galapagar"]
[Site "Galapagar ESP"]
[Date "2005.07.25"]
[Round "3.10"]
[White "Longa Yauca, Javier"]
[Black "Ruano Marco, Javier"]
[Result "1-0"]
[WhiteElo "2318"]
[BlackElo "2138"]
[PlyCount "63"]
[EventDate "2005.07.23"]
[EventType "swiss"]
[EventRounds "9"]
[EventCountry "ESP"]
[Source "lmi"]
[SourceDate "2005.07.30"]

1. Nf3 Nf6 2. g3 g6 3. Bg2 Bg7 4. c4 O-O 5. Nc3 d6 6. O-O e5 7. d4 Nbd7 8. e4
c6 9. h3 Re8 10. Be3 exd4 11. Nxd4 Nc5 12. f3 a5 13. Qd2 Nfd7 14. Rad1 Ne5 15.
b3 a4 16. Qc2 Qc7 17. f4 axb3 18. axb3 Ned7 19. b4 Na6 20. Qb3 Nf6 21. Bf2 Be6
22. g4 h6 23. f5 Bd7 24. fxg6 fxg6 25. c5+ Kh8 26. Bg3 Nxb4 27. Bxd6 Qa5 28.
Qf7 Nbd5 29. Nxd5 cxd5 30. e5 Ne4 31. Qxd7 Nxc5 32. Qf7 1-0

[Event "6. Open Internacional de Galapagar"]
[Site "Galapagar ESP"]
[Date "2005.07.26"]
[Round "4.1"]
[White "Moreno Ruiz, Javier"]
[Black "Serrano Salvador, Eduardo"]
[Result "1-0"]
[WhiteElo "2503"]
[BlackElo "2344"]
[PlyCount "59"]
[EventDate "2005.07.23"]
[EventType "swiss"]
[EventRounds "9"]
[EventCountry "ESP"]
[Source "lmi"]
[SourceDate "2005.07.30"]

1. d4 d5 2. c4 c6 3. Nc3 Nf6 4. e3 e6 5. Nf3 Nbd7 6. Bd3 Bd6 7. e4 dxe4 8. Nxe4
Nxe4 9. Bxe4 O-O 10. O-O h6 11. Bc2 e5 12. Re1 exd4 13. Qxd4 Bc5 14. Qc3 a5 15.
a3 Nf6 16. Bxh6 Bxf2+ 17. Kxf2 Ng4+ 18. Kg1 Nxh6 19. Rad1 Qc7 20. Re5 f6 21.
Qd3 fxe5 22. Qh7+ Kf7 23. Ng5+ Ke7 24. Qxg7+ Nf7 25. Rf1 Qb6+ 26. Kh1 Qxb2 27.
Qf6+ Ke8 28. Nxf7 Bg4 29. Bg6 Kd7 30. Qd6+ 1-0

[Event "6. Open Internacional de Galapagar"]
[Site "Galapagar ESP"]
[Date "2005.07.26"]
[Round "4.2"]
[White "Cruz, Filemon"]
[Black "Gonzalez, Yuri"]
[Result "1/2-1/2"]
[WhiteElo "2370"]
[BlackElo "2495"]
[PlyCount "37"]
[EventDate "2005.07.23"]
[EventType "swiss"]
[EventRounds "9"]
[EventCountry "ESP"]
[Source "lmi"]
[SourceDate "2005.07.30"]

1. d4 Nf6 2. Nf3 e6 3. c4 b6 4. g3 Ba6 5. b3 Bb4+ 6. Bd2 Be7 7. Bg2 c6 8. Bc3
d5 9. Nbd2 Nbd7 10. O-O Rc8 11. Re1 c5 12. e4 Nxe4 13. Nxe4 dxe4 14. Rxe4 O-O
15. dxc5 bxc5 16. Qc2 Bb7 17. Re2 Qc7 18. Rd1 Rfd8 19. Red2 1/2-1/2

[Event "6. Open Internacional de Galapagar"]
[Site "Galapagar ESP"]
[Date "2005.07.26"]
[Round "4.3"]
[White "Petkov, Vladimir"]
[Black "Longa Yauca, Javier"]
[Result "0-1"]
[WhiteElo "2475"]
[BlackElo "2318"]
[PlyCount "182"]
[EventDate "2005.07.23"]
[EventType "swiss"]
[EventRounds "9"]
[EventCountry "ESP"]
[Source "lmi"]
[SourceDate "2005.07.30"]

1. d4 Nf6 2. c4 e6 3. Nc3 d5 4. Bg5 Nbd7 5. cxd5 exd5 6. e3 Be7 7. Bd3 O-O 8.
Qc2 Re8 9. Nf3 c6 10. O-O g6 11. Rae1 Ne4 12. Bxe7 Qxe7 13. Bxe4 dxe4 14. Nd2
f5 15. f3 exf3 16. Rxf3 Nf6 17. Nc4 Be6 18. Ne5 Rad8 19. Qf2 c5 20. h3 Kg7 21.
Rf4 Rf8 22. Nf3 Nd5 23. Nxd5 Bxd5 24. dxc5 Qxc5 25. Nd4 Rde8 26. e4 Qe7 27. e5
Rd8 28. e6 Kg8 29. Kh2 Rde8 30. Qg3 Qg7 31. Qa3 Be4 32. Qe3 Re7 33. Kg1 Rd8 34.
Rd1 Rd6 35. Rff1 a6 36. Rd2 Qe5 37. Rfd1 Qf6 38. Qc3 Qf8 39. b4 Qd8 40. a4 Qc7
41. Qe3 Qb6 42. Nxf5 Qxe3+ 43. Nxe3 Rxd2 44. Rxd2 Rxe6 45. Kf2 Bc6 46. a5 Re4
47. Nc2 Rc4 48. Rd8+ Kf7 49. Nd4 Ba4 50. Ke3 Rxb4 51. Rh8 h5 52. Ke4 Kf6 53.
Rf8+ Ke7 54. Rg8 Kf7 55. Rc8 Ke7 56. Rc7+ Bd7 57. Ke5 Kd8 58. Rc5 b6 59. Nc6+
Bxc6 60. Rxc6 bxa5 61. Rxg6 a4 62. Rxa6 Kc7 63. Kf5 Kb7 64. Ra5 Kb6 65. Ra8 h4
66. Kg5 Rd4 67. Kf5 Kb5 68. Ke5 Rd2 69. Rb8+ Kc4 70. Rh8 Rd5+ 71. Ke4 Ra5 72.
Rc8+ Kb3 73. Rb8+ Kc2 74. Rc8+ Kd2 75. Rd8+ Ke2 76. Rc8 a3 77. Rc2+ Kd1 78. Ra2
Kc1 79. g4 hxg3 80. h4 Kb1 81. Rg2 a2 82. Rg1+ Kc2 83. Rg2+ Kb3 84. Rxg3+ Kc4
85. Rg1 a1=Q 86. Rxa1 Rxa1 87. Kf5 Kd5 88. h5 Rf1+ 89. Kg6 Ke6 90. h6 Rg1+ 91.
Kh7 Kf7 0-1

[Event "6. Open Internacional de Galapagar"]
[Site "Galapagar ESP"]
[Date "2005.07.26"]
[Round "4.4"]
[White "Elissalt Cardenas, Hector"]
[Black "Almeida Quintana, Omar"]
[Result "0-1"]
[WhiteElo "2317"]
[BlackElo "2462"]
[PlyCount "90"]
[EventDate "2005.07.23"]
[EventType "swiss"]
[EventRounds "9"]
[EventCountry "ESP"]
[Source "lmi"]
[SourceDate "2005.07.30"]

1. Nf3 c5 2. c4 Nc6 3. Nc3 g6 4. e3 Bg7 5. d4 d6 6. h3 f5 7. d5 Ne5 8. Nxe5
Bxe5 9. Bd2 e6 10. dxe6 Bxe6 11. Be2 Ne7 12. O-O O-O 13. Qc2 a6 14. Rad1 Qc7
15. Bc1 Nc6 16. a3 f4 17. Nd5 Qf7 18. b3 fxe3 19. fxe3 Qg7 20. Rxf8+ Rxf8 21.
Rf1 Rxf1+ 22. Bxf1 Ne7 23. Nf4 Bf5 24. Qf2 Be4 25. Nd3 Ba1 26. Qd2 Nf5 27. Bb2
Bxb2 28. Nxb2 Qe5 29. Nd1 Qg3 30. b4 Nh4 31. Kh1 Qxh3+ 32. Kg1 Qg3 33. Kh1 cxb4
34. axb4 Nf5 35. Kg1 h5 36. Bd3 Qe5 37. Qc2 Bxd3 38. Qxd3 Kg7 39. Kf2 b6 40. e4
Nd4 41. Nc3 a5 42. bxa5 bxa5 43. Nb5 Ne6 44. Nxd6 Nc5 45. Ne8+ Kf7 0-1

[Event "6. Open Internacional de Galapagar"]
[Site "Galapagar ESP"]
[Date "2005.07.26"]
[Round "4.5"]
[White "Escobar Forero, Alder"]
[Black "Almagro Llanas, Pablo"]
[Result "0-1"]
[WhiteElo "2416"]
[BlackElo "2317"]
[PlyCount "112"]
[EventDate "2005.07.23"]
[EventType "swiss"]
[EventRounds "9"]
[EventCountry "ESP"]
[Source "lmi"]
[SourceDate "2005.07.30"]

1. e4 c6 2. d4 d5 3. e5 Bf5 4. Nf3 e6 5. Be2 c5 6. Be3 Qb6 7. Nc3 Nc6 8. O-O c4
9. b3 Qa5 10. Bd2 Bb4 11. Qe1 b5 12. a3 Bxc3 13. Bxc3 Qb6 14. Qd2 Nge7 15. Rfb1
O-O 16. bxc4 dxc4 17. Bxc4 bxc4 18. Rxb6 axb6 19. Bb4 Rac8 20. Bd6 Nd5 21. Nh4
c3 22. Qd1 Bxc2 23. Qxc2 Nxd4 24. Qd3 c2 25. g3 c1=Q+ 26. Rxc1 Rxc1+ 27. Kg2
Nc2 28. Nf3 h6 29. Qb5 Ne1+ 30. Nxe1 Rxe1 31. Qc6 Rd8 32. Qc2 Re3 33. Be7 Rb8
34. Bb4 Nxb4 35. axb4 Ra3 36. Qc7 Raa8 37. b5 Rc8 38. Qxb6 Rab8 39. Qa7 Rxb5
40. Qd7 Rcb8 41. Qc7 Rb2 42. Kh3 Ra8 43. Qc6 Rd8 44. Kg2 Re2 45. Qb6 Ra2 46. h4
h5 47. Qc6 g6 48. g4 hxg4 49. h5 gxh5 50. Qc1 Rdd2 51. Kg3 Rac2 52. Qh1 Rd3+
53. Kf4 Rf3+ 54. Kg5 Kg7 55. Qd1 Rf5+ 56. Kh4 Rc3 0-1

[Event "6. Open Internacional de Galapagar"]
[Site "Galapagar ESP"]
[Date "2005.07.26"]
[Round "4.6"]
[White "Bermejo Collado, Julian"]
[Black "Cruz Condori, Alfredo"]
[Result "0-1"]
[WhiteElo "2318"]
[BlackElo "2287"]
[PlyCount "107"]
[EventDate "2005.07.23"]
[EventType "swiss"]
[EventRounds "9"]
[EventCountry "ESP"]
[Source "lmi"]
[SourceDate "2005.07.30"]

1. d4 Nf6 2. c4 e6 3. Nc3 Bb4 4. Qb3 c5 5. dxc5 Nc6 6. Nf3 Ne4 7. Bd2 Nxd2 8.
Nxd2 f5 9. g3 O-O 10. Bg2 Qa5 11. O-O Bxc5 12. e3 a6 13. Rfd1 d6 14. a3 Qc7 15.
Qc2 Ba7 16. b4 Ne5 17. Rac1 Bd7 18. Qb3 Rae8 19. a4 Bc8 20. Ne2 Kh8 21. a5 g5
22. Qc3 Qg7 23. Nb3 Bb8 24. f4 Ng4 25. Qxg7+ Kxg7 26. Rc3 h6 27. c5 dxc5 28.
Nxc5 Ba7 29. h3 Nf6 30. Kf2 Rf7 31. Nd4 e5 32. fxg5 hxg5 33. Ndb3 f4 34. g4 e4
35. Kg1 Rfe7 36. Bf1 Nd7 37. Rd5 Ne5 38. Be2 Nf7 39. Nd4 Re5 40. Rxe5 Rxe5 41.
Nxa6 Bxd4 42. exd4 Rd5 43. Rxc8 bxa6 44. Bxa6 Rxd4 45. Bf1 Rxb4 46. a6 Ra4 47.
Rc7 Kf6 48. Rc6+ Ke5 49. Rc7 Nd6 50. Rc5+ Kd4 51. Rxg5 Nc4 52. Rg6 Ne5 53. Rf6
Ra2 54. Bb5 0-1

[Event "6. Open Internacional de Galapagar"]
[Site "Galapagar ESP"]
[Date "2005.07.26"]
[Round "4.7"]
[White "Laliena Solares, Luis"]
[Black "Roa Alonso, Santiago"]
[Result "0-1"]
[WhiteElo "2180"]
[BlackElo "2383"]
[PlyCount "74"]
[EventDate "2005.07.23"]
[EventType "swiss"]
[EventRounds "9"]
[EventCountry "ESP"]
[Source "lmi"]
[SourceDate "2005.07.30"]

1. c4 e6 2. g3 d5 3. Bg2 Nf6 4. Nf3 Be7 5. d4 O-O 6. O-O c6 7. Nbd2 b6 8. Qc2
Bb7 9. e4 Na6 10. e5 Nd7 11. b3 Rc8 12. Bb2 Qc7 13. Rac1 Qb8 14. Qb1 Qa8 15.
Rfe1 h6 16. h4 c5 17. Re3 Rfd8 18. Bf1 dxc4 19. Bxc4 Nb4 20. Rd1 a6 21. a4 cxd4
22. Nxd4 Nc5 23. f4 b5 24. axb5 axb5 25. Nxb5 Bh1 26. Bf1 Ncd3 27. Nd6 Bxd6 28.
exd6 Qa7 29. Nc4 Rxc4 30. Rdxd3 Nxd3 31. Qxd3 Be4 32. Qd2 Rxd6 33. Qf2 Rc2 34.
Re2 Qxf2+ 35. Kxf2 Rdd2 36. Be5 Rxe2+ 37. Bxe2 Bd3 0-1

[Event "6. Open Internacional de Galapagar"]
[Site "Galapagar ESP"]
[Date "2005.07.26"]
[Round "4.8"]
[White "Rodriguez Cordon, Luis Jose"]
[Black "Gomez Gonzalez, Javier"]
[Result "1-0"]
[WhiteElo "2250"]
[BlackElo "2137"]
[PlyCount "81"]
[EventDate "2005.07.23"]
[EventType "swiss"]
[EventRounds "9"]
[EventCountry "ESP"]
[Source "lmi"]
[SourceDate "2005.07.30"]

1. d4 Nf6 2. c4 e6 3. Nc3 Bb4 4. a3 Bxc3+ 5. bxc3 b6 6. e3 O-O 7. Bd3 Bb7 8. f3
d6 9. Ne2 Nbd7 10. e4 c5 11. Bg5 Re8 12. Qd2 e5 13. d5 Nf8 14. g4 h6 15. Be3
N6h7 16. h4 Qf6 17. Kf2 Rad8 18. Rag1 Qe7 19. Ng3 Bc8 20. Rh2 f6 21. Nf5 Bxf5
22. gxf5 Kh8 23. Rhg2 Ng5 24. hxg5 fxg5 25. Bc2 Nh7 26. Ba4 Rf8 27. Rh2 Kg8 28.
Rb1 Qf6 29. Bc6 Rf7 30. Kg3 Nf8 31. Qd1 Kh7 32. a4 g6 33. Qh1 gxf5 34. exf5 Qg7
35. Rxh6+ Kg8 36. Qh3 Rf6 37. Rh1 Rxh6 38. Qxh6 Nh7 39. Qe6+ Kh8 40. Be8 e4 41.
Bg6 1-0